Loreto College Library, Kolkata
WEBOPAC (ONLINE PUBLIC ACCESS CATALOGUE)

A Green Guide to Country Crafts (Record no. 41129)

MARC details
000 -LEADER
fixed length control field 00666nam a22002417a 4500
005 - DATE AND TIME OF LATEST TRANSACTION
control field 20231010115548.0
008 - FIXED-LENGTH DATA ELEMENTS--GENERAL INFORMATION
fixed length control field 170706b xxu||||| |||| 00| 0 eng d
020 ## - ISBN | অাই এস বি এন
ISBN | অাই এস বি এন 9781907563171
PRICE £16.99
040 ## - CATALOGING SOURCE
Original cataloging agency Loreto College
041 ## - LANGUAGE CODE
Language code English
082 ## - DDC | ডিউই
Classification number | বর্গসংখ্যা 745.5
Book Number | গ্রন্থাঙ্ক GOU
100 ## - MAIN ENTRY--PERSONAL NAME | মুখ্য সংলেখ - ব্যাক্তিনাম
Personal name | ব্যাক্তিনাম Gouldsmith,Nicola
245 ## - TITLE STATEMENT | অাখ্যা বিবরণী
Title | অাখ্যা A Green Guide to Country Crafts
Sub title | উপঅাখ্যা 32 beautiful step-by-step projects
Statement of responsibility | লেখকের দায়িত্বের বিবরণ Nicola Gouldsmith and Jacqueline Mann
260 ## - IMPRINT | প্রকাশনা ক্ষেত্র
Place of publication | প্রকাশ স্থান London
Name of publisher | প্রকাশকের নাম Cico Books
Date of publication | প্রকাশ কাল 2011
300 ## - PHYSICAL DESCRIPTION |
Page / Vol. No | পৃষ্ঠা / খন্ড সংখ্যা 192p.
Other physical details | অনান্য বাহ্যিক বিবরণ 22cm.
504 ## - BIBLIOGRAPHY, ETC. NOTE
Bibliography, etc Includes index
650 ## - SUBJECT ADDED ENTRY--TOPICAL TERM | বিষয় শিরোনাম - মূল বিষয়
Topical term | মূল বিষয় Handcraft
650 ## - SUBJECT ADDED ENTRY--TOPICAL TERM | বিষয় শিরোনাম - মূল বিষয়
Topical term | মূল বিষয় Nature Craft
650 ## - SUBJECT ADDED ENTRY--TOPICAL TERM | বিষয় শিরোনাম - মূল বিষয়
Topical term | মূল বিষয় Home Economics
651 ## - SUBJECT ADDED ENTRY--GEOGRAPHIC NAME | বিষয় শিরোনাম - ভৌগলিক নাম
Geographic name | ভৌগলিক বিষয় Rural
850 ## - HOLDING INSTITUTION
Holding institution LCLIB
942 ## - ADDED ENTRY ELEMENTS (KOHA)
Koha item type Books
Holdings
Withdrawn status Lost status Source of classification Damaged status Not for loan Home library Current library Date acquired Price Total Checkouts Full call number Accession No. Date last seen Price effective from Koha item type Coded location qualifier
    Dewey Decimal Classification     Loreto College Loreto College 06/07/2017 0.00   745.5 GOU 51768 44867 06/07/2017 06/07/2017 Books